000
00324nam a22001337a 4500
008
171023b xxu||||| |||| 00| 0 eng d
020
_a
0127432604
041
_a
eng
080
_2
2ND
_a
311
100
_a
55
101
_a
STA
245
_a
INTRODUCTORY STATISTICS FOR THE BEHAVIORAL SCIENCES
_c
WELKOWITZ,J
942
_2
udc
_c
BK
999
_c
35562
_d
35562